000 00358nam a2200145 i 4500
001 bg
245 0 _aSystemy radiokomunikacji satelitarnej :
_bpraca zbiorowa.
260 _aWarszawa,
_c1980.
650 9 _aTelekomunikacja
700 1 _aKnoch, Leonard.
_eRed.
040 _cBPK
041 _apol
942 _cKS
008 s pl f |000 0 pol
999 _c19767
_d19767
856 _uhttp://koha.tu.koszalin.pl/cgi-bin/koha/opac-detail.pl?biblionumber=19767
_yKatalog online BPK